Dracula
Αποθηκεύτηκε σε:
| Κύριος συγγραφέας: | |
|---|---|
| Μορφή: | Βιβλίο |
| Γλώσσα: | English |
| Δημοσίευση: |
London :
Penguin Books,
1994
|
| Σειρά: | Penguin popular classics
|
| Θέματα: | |
| Ετικέτες: |
Προσθήκη ετικέτας
Δεν υπάρχουν, Καταχωρήστε ετικέτα πρώτοι!
|
MARC
| LEADER | 00000cam a2200000 i 4500 | ||
|---|---|---|---|
| 001 | 1/6871 | ||
| 008 | 100426s1994 eng d | ||
| 020 | |a 0-14-062063-X | ||
| 035 | |l 10107664 | ||
| 040 | |a GR-MY-UA |b gre |e aacr | ||
| 041 | 0 | |a eng | |
| 082 | 0 | |a 823 |2 (22) | |
| 100 | 1 | |a Stoker, Bram |d 1847-1912. | |
| 245 | 1 | 0 | |a Dracula / |c Bram Stoker |
| 260 | |a London : |b Penguin Books, |c 1994 | ||
| 300 | |a 447 σ.; |c 18 εκ. | ||
| 490 | 1 | |a Penguin popular classics | |
| 500 | |a Πρωτη έκδοση 1897 | ||
| 650 | 0 | 0 | |a English fiction |y 19th century. |
| 830 | 0 | |a Penguin popular classics | |
| 852 | |a INST |b SYROS |e 20100426 |h 823 STO |p 005500007686 |q 005500007686 |t BK |y 0 | ||
| 901 | |a BIBL5-2010-1 | ||
| 909 | |a Ε |b 160380 | ||
| 970 | |a ΚΟΝΤΟΥ |b ΠΑΡΑΣΚΕΥΗ |z 2010/04/26 | ||